00928nam a22002657a 45000010005000000030006000050050017000110080041000280200018000690400029000870500019001160820012001351000019001472450038001662500047002042600053002513000066003045050008003705200157003785210023005355210020005586500031005786500027006096500026006369726FISKH20260130123238.0260130b cb ||||| |||| 00| 0 eng d a9780439322973 aFISKHbengcFISKHdFISKH aPZ8.3 .H965 .T a513.211 aHutchins , Pat aTen red apples /cBy Pat Hutchins aFirst Scholastic printing , September 2001 aNew York : bHarperCollins Publishers , c2000.  a23 unnumbered pages : bcolor illustrations ; c20 X 25 cm .  aG  aIn rhyming verses, one animal after another neighs, moos, oinks, quacks and makes other appropriate sounds as each eats an apple from the farmer's tree.8 a360 bLexile AD 8 aG bRaz-Plus  aCounting vChildren's Book aFall vChildren's Book aFarmvChildren's Book